"Mögliche Welten" unter literaturtheoretischen Aspekt
Elmentve itt :
| Szerzők: | |
|---|---|
| Dokumentumtípus: | Könyv része |
| Megjelent: |
1980
|
| Sorozat: | Studia poetica
2 Literary semantics and possible worlds = Literatursemantik und mögliche Welten 2 |
| Kulcsszavak: | Szemantika - irodalmi - próza, Irodalomelmélet |
| Tárgyszavak: | |
| Online Access: | http://acta.bibl.u-szeged.hu/17104 |
| LEADER | 00849naa a2200229 i 4500 | ||
|---|---|---|---|
| 001 | acta17104 | ||
| 005 | 20220117131517.0 | ||
| 008 | 161015s1980 hu o 0|| ger d | ||
| 022 | |a 0209-9403 | ||
| 040 | |a SZTE Egyetemi Kiadványok Repozitórium |b hun | ||
| 041 | |a ger | ||
| 100 | 1 | |a Bernáth Árpád | |
| 245 | 1 | 0 | |a "Mögliche Welten" unter literaturtheoretischen Aspekt |h [elektronikus dokumentum] / |c Bernáth Árpád |
| 260 | |c 1980 | ||
| 300 | |a 44-62 | ||
| 490 | 0 | |a Studia poetica |v 2 | |
| 490 | 0 | |a Literary semantics and possible worlds = Literatursemantik und mögliche Welten |v 2 | |
| 650 | 4 | |a Bölcsészettudományok | |
| 650 | 4 | |a Nyelvek és irodalom | |
| 695 | |a Szemantika - irodalmi - próza, Irodalomelmélet | ||
| 700 | 0 | 1 | |a Csúri Károly |e aut |
| 856 | 4 | 0 | |u http://acta.bibl.u-szeged.hu/17104/1/studia_poetica_002_044-062.pdf |z Dokumentum-elérés |